000 00335pab a2200145 454500
008 180718b1989 xxu||||| |||| 00| 0 eng d
100 _aBajaj, K.K.
245 _aEducation for women's equality
260 _c1989
300 _a7-9
362 _a13 Nov.
650 _aWomen - Education
773 _aUniversity News
909 _a21217
999 _c21217
_d21217